00607nam a22001937a 450000500170000002000220001704000340003908200160007310000220008924500480011126000370015930000260019650400190022254600090024165000310025094200070028199900170028895201080030520260414153842.0 aN/AcTZS 10,000/= aMCCLbeng.eAACR 2nd rev. ed. a341.481 EZE aEzejjiofor, Gaius aHuman rights under the lawcGaius Ezejiofor aLondon ;bButterworths ,cc1964. axix, 202 p. ;c21 cm. aIncludes index aeng. aHuman rights under the law cBK c12613d12613 00104070aMU002bMU002d2026-04-14l0o341.481 EZEpMCC001368r2026-04-14 15:40:45t1w2026-04-14yBK